• 首页
  • 本馆介绍
  • 公告通知
  • 最新文献
  • 馆藏检索
  • 电子资源
  • 读者导购
  • 参考咨询
  • 我的图书馆
  • 登录
  • 详细信息显示
  • 放入我的书架
  • 预约/预借图书
  • 作者相关作品
  • 分类相关作品
  • 丛书相关作品
  • 出版社相关作品

书目信息

  • 表格格式
  • 工作单格式
  • 卡片格式
题名:
野史大观
    
 
作者: 王雅轩 主编 ;申笑梅 册主编
分册: 1  
出版信息: 沈阳   辽宁人民出版社  1996
页数: 224页
开本: 20cm
丛书名:
单 册:
中图分类: K204.5
科图分类:
主题词: 野史--中国--古代
电子资源:
ISBN: 7-205-03593-7
000 00609nam0 2200217 450
001 1259980906
005 20121007164047.19
010    @a7-205-03593-7@dCNY15.00
100    @a20020905d1996 em y0chiy0110 ea
101 0  @achi
102    @aCN@b210000
105    @ay z 000yy
200 1  @a野史大观@Aye shi da guan@h1@f王雅轩主编@g申笑梅册主编
210    @a沈阳@c辽宁人民出版社@d1996
215    @a224页@d20cm
606 0  @a野史@y中国@z古代
690    @aK204.5@v4
701  0 @a王雅轩@Awang ya xuan@4主编
702  0 @a申笑梅@Ashen xiao mei@4册主编
801  0 @aCN@bNLC@c20101222
905    @a10447@dK204.5@eJY4:1
    
    野史大观.1/王雅轩主编/申笑梅册主编.-沈阳:辽宁人民出版社,1996
    224页;20cm
    
    
    ISBN 7-205-03593-7:CNY15.00
    
●
相关链接 在E读中查询图书 在五车中查询图书 在当当中查询图书 在豆瓣中查询图书


正题名:野史大观     索取号:K204.5/JY4:1         预约/预借

序号 登录号 条形码 馆藏地/架位号 状态 备注
1 7831656   278316564   学院路分馆/ [索取号:K204.5/JY4:1] 在馆    
2 7831657   278316573   学院路分馆/ [索取号:K204.5/JY4:1] 在馆    
唐山师范学院图书馆 欢迎您!
大连网信软件有限公司© 版权所有